000 00773nam a2200253Ia 4500
003 OSt
005 20220928114534.0
006 a|||||r|||| 00| 0
007 ta
008 220927b |||||||| |||| 00| 0 eng d
020 _c695
024 _a107270
037 _b545, 08/02/2010, Pioneer Book Distributors
_cTextual
040 _aSDCL
_cSDCL
_beng
041 _2eng
_aeng
082 _a4342.2'P, P8
100 _aMehta Nalin Ed.
_9407061
245 0 _aTelevision in India
_b Satellites ,politics and cultural change
260 _aLondon
_bRoutledge
_c2008
300 _ax,170p
_ccm.
650 _aPolitical Science
942 _h4342.2'P, P8
_cTEXL
_2CC
999 _c755259
_d755259